E-learning – trend moderného vzdelávania v podnikoch bakalárska práca

Salvato in:
Dettagli Bibliografici
Autore principale: Gajdošová, Mária
Ente Autore: Fakulta podnikového manažmentu EU. Katedra informačného manažmentu
Altri autori: Švejdová, Natália, 1993-
Natura: Libro
Lingua:slovacco
Pubblicazione: Bratislava 2019
Tags: Aggiungi Tag
Nessun Tag, puoi essere il primo ad aggiungerne!!

MARC

LEADER 00000nbm a2200000 4500
001 0255275
005 20191107142409.0
041 0 |a slo 
044 |a SK 
245 1 0 |a E-learning – trend moderného vzdelávania v podnikoch  |b bakalárska práca  |c Mária Gajdošová ; školiteľ: Natália Švejdová 
264 1 |a Bratislava  |c 2019 
300 |a 49 s. 
100 1 |a Gajdošová, Mária 
700 1 |a Švejdová, Natália, 1993- 
710 2 |a Fakulta podnikového manažmentu EU. Katedra informačného manažmentu